00247nam a2200085Ia 4500008004100000100001600041245007400057260002100131260000900152170620s9999 xx 000 0 und d aSeth- Kanta 0aTeacher-Made Material in Early Childhood Education Training Programme bNew Delhi- NCERT c2008